Heat and mass transfer (Record no. 5861)

000 -LEADER
fixed length control field 00529nam a2200205 4500
001 - CONTROL NUMBER
control field 5861
003 - CONTROL NUMBER IDENTIFIER
control field BD-DhUET
008 - FIXED-LENGTH DATA ELEMENTS--GENERAL INFORMATION
fixed length control field 700409m19679999is a b 000 0 eng
040 ## - CATALOGING SOURCE
Original cataloging agency DLC
Transcribing agency DLC
Modifying agency BD-DhUET
082 00 - DEWEY DECIMAL CLASSIFICATION NUMBER
Classification number 621.011
Item number ECK/1959
100 ## - MAIN ENTRY--PERSONAL NAME
Personal name Eckert, R. R. G.
245 00 - TITLE STATEMENT
Title Heat and mass transfer
250 ## - EDITION STATEMENT
Edition statement 2nd ed.
260 ## - PUBLICATION, DISTRIBUTION, ETC. (IMPRINT)
Place of publication, distribution, etc. New York
Name of publisher, distributor, etc. McGraw-Hill
Date of publication, distribution, etc. 1959
300 ## - PHYSICAL DESCRIPTION
Extent xiv, 530p.
490 1# - SERIES STATEMENT
Series statement McGraw-Hill series in mechanical engineering
650 #0 - SUBJECT ADDED ENTRY--TOPICAL TERM
Topical term or geographic name as entry element Heat-Transmission
700 ## - ADDED ENTRY--PERSONAL NAME
Personal name Drake, Robert M.
942 ## - ADDED ENTRY ELEMENTS (KOHA)
Koha item type General Book
Holdings
Source of classification or shelving scheme Shelving location Koha item type Copy number Koha date last borrowed Not for loan Piece designation (barcode) Koha date last seen Koha issues (times borrowed) Damaged status Price effective from Koha normalized classification for sorting Sublocation or collection (holding branch) Koha full call number Date acquired Location (home branch) Lost status Withdrawn status
 Circulation sectionGeneral Book   366682014-11-29  2014-11-29621_011000000000000_ECK_1959Central Library, BUET621.011/ECK/19592014-11-29Central Library, BUET  
 Circulation sectionGeneral Book2  148842014-12-03  2014-12-03621_000000000000000_011ECK1959Central Library, BUET621.011/ECK/19592014-12-03Central Library, BUET  
 Circulation sectionGeneral Book3  113022015-04-12  2015-04-12621_011000000000000_ECK_1959Central Library, BUET621.011/ECK/19592015-04-12Central Library, BUET  
 Circulation sectionGeneral Book4  312762015-04-12  2015-04-12621_011000000000000_ECK_1959Central Library, BUET621.011/ECK/19592015-04-12Central Library, BUET  
 Circulation sectionGeneral Book5  312742015-04-12  2015-04-12621_011000000000000_ECK_1959Central Library, BUET621.011/ECK/19592015-04-12Central Library, BUET  
 Circulation sectionGeneral Book6  312712015-04-12  2015-04-12621_011000000000000_ECK_1959Central Library, BUET621.011/ECK/19592015-04-12Central Library, BUET  
 Circulation sectionGeneral Book7  312722015-04-12  2015-04-12621_011000000000000_ECK_1959Central Library, BUET621.011/ECK/19592015-04-12Central Library, BUET  
 Circulation sectionGeneral Book82020-03-02 312772021-11-281 2015-04-13621_011000000000000_ECK_1959Central Library, BUET621.011/ECK/19592015-04-13Central Library, BUET  
 Circulation sectionGeneral Book9  113012015-04-13  2015-04-13621_011000000000000_ECK_1959Central Library, BUET621.011/ECK/19592015-04-13Central Library, BUET  
 Circulation sectionGeneral Book10  113032015-04-13  2015-04-13621_011000000000000_ECK_1959Central Library, BUET621.011/ECK/19592015-04-13Central Library, BUET  
 Circulation sectionGeneral Book11  246252015-04-13  2015-04-13621_011000000000000_ECK_1959Central Library, BUET621.011/ECK/19592015-04-13Central Library, BUET  
 Circulation sectionGeneral Book12  76522015-04-13  2015-04-13621_011000000000000_ECK_1959Central Library, BUET621.011/ECK/19592015-04-13Central Library, BUET  
 Circulation sectionGeneral Book13  243202015-04-13  2015-04-13621_011000000000000_ECK_1959Central Library, BUET621.011/ECK/19592015-04-13Central Library, BUET  
 Circulation sectionGeneral Book14  249762015-04-13  2015-04-13621_011000000000000_ECK_1959Central Library, BUET621.011/ECK/19592015-04-13Central Library, BUET  
 Circulation sectionGeneral Book15  312752015-04-13  2015-04-13621_011000000000000_ECK_1959Central Library, BUET621.011/ECK/19592015-04-13Central Library, BUET  
 Reading sectionGeneral Book16  76552015-06-16  2015-06-16621_011000000000000_ECK_1959Central Library, BUET621.011/ECK/19592015-06-16Central Library, BUET